000
00228nam a2200097Ia 4500
008
120527s9999 xx 000 0 und d
100
_a
THOM,McQ.S.
245
_a
In the spirit of mother earth.
260
_b
Chronicle
942
_c
BK
999
_c
24071
_d
24071